Statistics for 30 Largest Cities on the Pacific Coast of the United States

Click here to take the quiz!

General Stats

  • This quiz has been taken 35 times
  • The average score is 17 of 30

Answer Stats

Answer% Correct
San Francisco
97%
Seattle
97%
Los Angeles
94%
San Diego
94%
Portland
91%
San Jose
84%
Sacramento
81%
Anaheim
75%
Fresno
75%
Honolulu
72%
Oakland
69%
Anchorage
66%
Bakersfield
66%
Long Beach
66%
Modesto
66%
San Bernardino
59%
Tacoma
56%
Spokane
53%
Riverside
50%
Stockton
47%
Santa Ana
44%
Chula Vista
34%
Fontana
34%
Oxnard
34%
Santa Clarita
31%
Huntington Beach
25%
Fremont
22%
Irvine
22%
Glendale
16%
Moreno Valley
6%

Score Distribution

Percentile by Number Answered

Percent of People with Each Score

Your Score History

You have not taken this quiz